[Event "St Petersburg Botvinnik 100 op"]
[Site "St Petersburg"]
[Date "2011.08.19"]
[Round "8"]
[White "Kurilov, Viktor"]
[Black "Tkachev, Ivan"]
[Result "1/2-1/2"]
[WhiteElo "2312"]
[BlackElo "2047"]
[PlyCount "85"]
[EventDate "2011.08.12"]
[EventType "swiss"]
[EventRounds "9"]
[EventCountry "RUS"]
[SourceTitle "CBM 143 Extra"]
[Source "ChessBase"]
[SourceDate "2011.08.29"]
[SourceVersion "1"]
[SourceVersionDate "2011.08.29"]
[SourceQuality "1"]

1. Nf3 Nf6 2. g3 d5 3. Bg2 e6 4. 0-0 Be7 5. c4 0-0 6. d4 c6 7. Qc2 a5 8. Nbd2 Nbd7 9. e4 b6 10. b3 Bb7 11. Ne5 c5 12. exd5 exd5 13. Bb2 cxd4 14. Bxd4 Nc5 15. Qb2 Ne6 16. Be3 d4 17. Bxb7 dxe3 18. Nc6 Ba3 19. Qxa3 Qxd2 20. Bxa8 Rxa8 21. Ne7+ Kh8 22. Qc1 Nd4 23. Qxd2 exd2 24. Kg2 Nc2 25. Rab1 Re8 26. Nd5 Nxd5 27. cxd5 Ne1+ 28. Kh3 Re5 29. f4 Rxd5 30. Rfxe1 dxe1Q 31. Rxe1 g6 32. Re7 Kg7 33. Rb7 Rd6 34. Kg4 h5+ 35. Kf3 Rd2 36. Rxb6 Rxa2 37. h3 a4 38. bxa4 Rxa4 39. Rb3 Ra1 40. g4 hxg4+ 41. hxg4 Rf1+ 42. Ke4 Rg1 43. g5 1/2-1/2

[Event "St Petersburg Botvinnik 100 op"]
[Site "St Petersburg"]
[Date "2011.08.18"]
[Round "7"]
[White "Tugarin, Anton"]
[Black "Kurilov, Viktor"]
[Result "1/2-1/2"]
[WhiteElo "1976"]
[BlackElo "2312"]
[PlyCount "68"]
[EventDate "2011.08.12"]
[EventType "swiss"]
[EventRounds "9"]
[EventCountry "RUS"]
[SourceTitle "CBM 143 Extra"]
[Source "ChessBase"]
[SourceDate "2011.08.29"]
[SourceVersion "1"]
[SourceVersionDate "2011.08.29"]
[SourceQuality "1"]

1. d4 Nf6 2. Nf3 d5 3. c4 e6 4. g3 dxc4 5. Bg2 Bd7 6. Ne5 Bc6 7. Nxc6 Nxc6 8. Qa4 Bb4+ 9. Bd2 Bxd2+ 10. Nxd2 0-0 11. Bxc6 bxc6 12. Qxc4 Qd5 13. Qxd5 cxd5 14. Rc1 Rfb8 15. Rc2 Rb4 16. e3 Rab8 17. b3 Ne8 18. Ke2 a5 19. a3 R4b6 20. Rc5 Ra8 21. a4 Kf8 22. Rhc1 Ke7 23. f3 Kd7 24. e4 c6 25. e5 Nc7 26. Ke3 Raa6 27. f4 h5 28. R1c3 Rb8 29. Nf3 Rab6 30. Nd2 Ra6 31. Nf3 Rab6 32. Nd2 Ra6 33. Nf3 Rab6 34. Nd2 Ra6 1/2-1/2

[Event "St Petersburg Nov op"]
[Site "St Petersburg"]
[Date "2008.11.08"]
[Round "8"]
[White "Pimenov, Revolt"]
[Black "Kurilov, Viktor"]
[Result "1/2-1/2"]
[WhiteElo "2189"]
[BlackElo "2312"]
[PlyCount "141"]
[EventDate "2008.11.01"]
[EventType "swiss"]
[EventRounds "9"]
[EventCountry "RUS"]
[SourceTitle "EXT 2010"]
[Source "ChessBase"]
[SourceDate "2010.11.25"]
[SourceVersion "1"]
[SourceVersionDate "2010.11.25"]
[SourceQuality "1"]

1. d4 d5 2. c4 e6 3. Nf3 Nf6 4. Nc3 Nbd7 5. Bg5 c6 6. Qc2 h6 7. Bf4 dxc4 8. a4 Nd5 9. Bd2 Be7 10. e4 Nb4 11. Qb1 Nd3+ 12. Bxd3 cxd3 13. Qxd3 0-0 14. 0-0 b6 15. Nd1 e5 16. Bc3 a5 17. Re1 Nc5 18. Qc2 exd4 19. Nxd4 Qc7 20. Ne3 Re8 21. Nef5 Bf8 22. e5 Ne6 23. Nf3 Ba6 24. Qe4 Kh8 25. Re3 Rad8 26. Rae1 Bc5 27. N3d4 Nxd4 28. Nxd4 Bxd4 29. Bxd4 c5 30. Bc3 Qd7 31. Qh4 Qe7 32. Qh5 Qe6 33. Rf3 Kg8 34. h3 Bd3 35. Rg3 Bg6 36. Qe2 Rd7 37. f4 Red8 38. Rf3 h5 39. Rg3 Rd3 40. Rg5 h4 41. Kh2 Bf5 42. Qh5 g6 43. Qxh4 Rd1 44. Qf2 Rxe1 45. Qxe1 Qc4 46. Qh4 Rd4 47. Rg3 Qd5 48. Qf6 Kh7 49. e6 fxe6 50. Qf7+ Kh8 51. h4 Qd8 52. Rg5 Qd6 53. g3 e5 54. Bxd4 Qxd4 55. Qe8+ Kh7 56. Qe7+ Kh6 57. Rh5+ gxh5 58. Qg5+ Kh7 59. Qxf5+ Kg8 60. Qg6+ Kf8 61. Qf6+ Kg8 62. fxe5 Qxb2+ 63. Kh3 Qe2 64. Qd8+ Kf7 65. Qd7+ Kf8 66. Qf5+ Ke7 67. Qf6+ Ke8 68. Qc6+ Ke7 69. Qd6+ Ke8 70. Qg6+ Ke7 71. Qf6+ 1/2-1/2

[Event "St Petersburg Nov op"]
[Site "St Petersburg"]
[Date "2008.11.07"]
[Round "7"]
[White "Kurilov, Viktor"]
[Black "Minina, Veronika"]
[Result "1-0"]
[WhiteElo "2312"]
[BlackElo "2153"]
[PlyCount "51"]
[EventDate "2008.11.01"]
[EventType "swiss"]
[EventRounds "9"]
[EventCountry "RUS"]
[SourceTitle "EXT 2010"]
[Source "ChessBase"]
[SourceDate "2010.11.25"]
[SourceVersion "1"]
[SourceVersionDate "2010.11.25"]
[SourceQuality "1"]

1. e4 c5 2. Nf3 e6 3. c3 d5 4. exd5 Qxd5 5. d4 Nf6 6. Be2 Be7 7. 0-0 0-0 8. c4 Qd7 9. dxc5 Bxc5 10. Nc3 b6 11. Ne5 Qe7 12. Bf3 Bb7 13. Bg5 Rd8 14. Qe2 Bd4 15. Bxb7 Qxb7 16. Rad1 Na6 17. Bxf6 gxf6 18. Qg4+ Kf8 19. Rxd4 fxe5 20. Rxd8+ Rxd8 21. Qh4 Rd4 22. Qxh7 Qc7 23. Nb5 Qxc4 24. Nxd4 exd4 25. Rd1 f6 26. Qh4 1-0

[Event "St Petersburg Nov op"]
[Site "St Petersburg"]
[Date "2008.11.03"]
[Round "3"]
[White "Kurilov, Viktor"]
[Black "Lupik, Marina"]
[Result "0-1"]
[WhiteElo "2312"]
[BlackElo "2166"]
[PlyCount "94"]
[EventDate "2008.11.01"]
[EventType "swiss"]
[EventRounds "9"]
[EventCountry "RUS"]
[SourceTitle "EXT 2010"]
[Source "ChessBase"]
[SourceDate "2010.11.25"]
[SourceVersion "1"]
[SourceVersionDate "2010.11.25"]
[SourceQuality "1"]

1. e4 c5 2. Nf3 d6 3. Bb5+ Bd7 4. Bxd7+ Qxd7 5. 0-0 Nf6 6. Re1 Nc6 7. c4 g6 8. b3 Bg7 9. Bb2 e5 10. d3 0-0 11. Nc3 Nh5 12. Nd5 Ne7 13. Nxe7+ Qxe7 14. Bc1 Qd7 15. Rb1 a5 16. Be3 Rfb8 17. Nd2 Nf6 18. h3 Ne8 19. f4 exf4 20. Bxf4 Nc7 21. Nf3 Ne6 22. Be3 a4 23. Re2 b5 24. bxa4 b4 25. Bc1 Qxa4 26. Qb3 Nd4 27. Nxd4 Bxd4+ 28. Kf1 Qe8 29. g3 Qe5 30. Kg2 Qh5 31. Qc2 Re8 32. Bf4 Re6 33. Qd2 Bc3 34. Qe3 Bd4 35. Qd2 f5 36. Rf1 Rae8 37. Qc2 g5 38. Bc1 Qg6 39. Rfe1 Qh5 40. Rf1 Rh6 41. Rh1 fxe4 42. dxe4 Rf8 43. Qd3 Rhf6 44. g4 Rf2+ 45. Rxf2 Rxf2+ 46. Kg1 Qh4 47. Bxg5 Rd2+ 0-1

[Event "Chigorin Memorial 16th"]
[Site "St Petersburg"]
[Date "2008.10.09"]
[Round "7"]
[White "Makarov, Marat"]
[Black "Kurilov, Viktor"]
[Result "0-1"]
[WhiteElo "2536"]
[BlackElo "2312"]
[PlyCount "100"]
[EventDate "2008.10.03"]
[EventType "swiss"]
[EventRounds "9"]
[EventCountry "RUS"]
[SourceTitle "CBM 126 Extra"]
[Source "ChessBase"]
[SourceDate "2008.11.05"]
[SourceVersion "1"]
[SourceVersionDate "2008.11.05"]
[SourceQuality "1"]

1. d4 d5 2. Nf3 Nf6 3. c4 e6 4. Nc3 Nbd7 5. Bf4 c6 6. e3 Qa5 7. Bd3 dxc4 8. Bxc4 Nd5 9. Rc1 Bb4 10. 0-0 Nxf4 11. exf4 0-0 12. Re1 Nf6 13. Ne5 Bd7 14. Qb3 Rad8 15. f5 b5 16. Bxe6 Be8 17. a3 Bd6 18. Ne2 fxe6 19. Nf4 Nd5 20. Nxe6 Bxe5 21. dxe5 Rxf5 22. Qh3 Ne7 23. Nxd8 Qxd8 24. e6 Qd2 25. Qg3 Qf4 26. f3 Qxg3 27. hxg3 Rd5 28. Rcd1 h5 29. Kf2 Kh7 30. Ke3 Kg6 31. Rxd5 Nxd5+ 32. Kd4 Kf6 33. Kc5 Ke7 34. f4 g6 35. Kd4 Kd6 36. b4 Nc7 37. Ke4 Kxe6 38. Kf3+ Kf6 39. g4 hxg4+ 40. Kxg4 Bf7 41. Kf3 Bd5+ 42. Kf2 Ne6 43. g3 Nd4 44. g4 Nc2 45. Rc1 Nxa3 46. Ke3 a5 47. bxa5 Nc4+ 48. Rxc4 Bxc4 49. Kd4 c5+ 50. Kxc5 Be2 0-1

[Event "Chigorin Memorial 16th"]
[Site "St Petersburg"]
[Date "2008.10.08"]
[Round "6"]
[White "Kurilov, Viktor"]
[Black "Smirnov, Artem"]
[Result "1-0"]
[WhiteElo "2312"]
[BlackElo "2460"]
[PlyCount "77"]
[EventDate "2008.10.03"]
[EventType "swiss"]
[EventRounds "9"]
[EventCountry "RUS"]
[SourceTitle "CBM 126 Extra"]
[Source "ChessBase"]
[SourceDate "2008.11.05"]
[SourceVersion "1"]
[SourceVersionDate "2008.11.05"]
[SourceQuality "1"]

1. d4 Nf6 2. g3 c5 3. c3 e6 4. Bg2 Nc6 5. Nf3 d5 6. 0-0 Bd6 7. Bf4 Bxf4 8. gxf4 Qb6 9. Qb3 Ne4 10. e3 Bd7 11. Nbd2 Qxb3 12. Nxb3 c4 13. Nbd2 Nxd2 14. Nxd2 Ke7 15. f5 Rhd8 16. fxe6 Bxe6 17. b3 cxb3 18. axb3 f5 19. f3 h6 20. e4 f4 21. exd5 Rxd5 22. Rfe1 Kf7 23. Re4 g5 24. Bf1 Rdd8 25. Bb5 Bd5 26. Re2 Re8 27. Rxe8 Rxe8 28. c4 Re3 29. cxd5 Nxd4 30. Rxa7 Re1+ 31. Kf2 Rd1 32. Rxb7+ Kf8 33. Nc4 Ra1 34. Ne5 Ra2+ 35. Kg1 g4 36. d6 Ra1+ 37. Bf1 Nc2 38. d7 Rd1 39. Nc6 1-0

[Event "Chigorin Memorial 16th"]
[Site "St Petersburg"]
[Date "2008.10.07"]
[Round "5"]
[White "Dushin, Nikolay"]
[Black "Kurilov, Viktor"]
[Result "0-1"]
[WhiteElo "2026"]
[BlackElo "2312"]
[PlyCount "146"]
[EventDate "2008.10.03"]
[EventType "swiss"]
[EventRounds "9"]
[EventCountry "RUS"]
[SourceTitle "CBM 126 Extra"]
[Source "ChessBase"]
[SourceDate "2008.11.05"]
[SourceVersion "1"]
[SourceVersionDate "2008.11.05"]
[SourceQuality "1"]

1. d4 d5 2. c4 e6 3. Nf3 Nf6 4. Nc3 Nbd7 5. cxd5 exd5 6. Bg5 Be7 7. Qc2 c6 8. e3 Nf8 9. Bxf6 Bxf6 10. b4 a6 11. Be2 g6 12. 0-0 Bf5 13. Bd3 Bxd3 14. Qxd3 Ne6 15. Rfd1 0-0 16. Rab1 Nc7 17. Na4 Nb5 18. Nc5 Qe7 19. a4 Nd6 20. a5 Bg7 21. Re1 Rfe8 22. Re2 Rad8 23. Rc1 h5 24. Rce1 Qf8 25. Nd2 Bh6 26. Nf3 Qg7 27. Ne5 Kh7 28. f4 f6 29. Nf3 Qf7 30. g3 Bf8 31. Nd2 Kg7 32. Kg2 Nf5 33. Nf3 Bd6 34. h3 Nh6 35. Nd2 Re7 36. Kf2 Rde8 37. Qc3 Bxc5 38. bxc5 Nf5 39. g4 hxg4 40. hxg4 Nh6 41. Rg1 f5 42. gxf5 Qxf5 43. Rg5 Qh3 44. Re5 Ng4+ 45. Ke1 Nxe5 46. dxe5 Qh1+ 47. Nf1 Qh4+ 48. Kd2 Re6 49. Qd4 Qd8 50. Qb4 R6e7 51. Kc3 Rf8 52. Nd2 d4+ 53. exd4 Rxf4 54. Re4 Rf2 55. Re3 Qd5 56. Qc4 Qg2 57. Qd3 Re6 58. Rg3 Qd5 59. Nc4 Qh1 60. Rh3 Qa1+ 61. Kb4 Rf4 62. Qc3 Qb1+ 63. Nb2 Qf1 64. Rd3 Rf2 65. Kb3 Qb1 66. Rd2 Rf5 67. Rd3 Re8 68. Qb4 Re7 69. Qd2 Ref7 70. e6 Rf2 71. Qc3 Rxb2+ 72. Kc4 Re2 73. exf7 Qb5# 0-1

[Event "Chigorin Memorial 16th"]
[Site "St Petersburg"]
[Date "2008.10.06"]
[Round "4"]
[White "Kurilov, Viktor"]
[Black "Kotenko, Pavel"]
[Result "0-1"]
[WhiteElo "2312"]
[BlackElo "2402"]
[PlyCount "100"]
[EventDate "2008.10.03"]
[EventType "swiss"]
[EventRounds "9"]
[EventCountry "RUS"]
[SourceTitle "CBM 126 Extra"]
[Source "ChessBase"]
[SourceDate "2008.11.05"]
[SourceVersion "1"]
[SourceVersionDate "2008.11.05"]
[SourceQuality "1"]

1. e4 e5 2. Nf3 Nc6 3. Bb5 a6 4. Bxc6 dxc6 5. Nc3 f6 6. d4 exd4 7. Qxd4 Qxd4 8. Nxd4 Bd7 9. Be3 0-0-0 10. 0-0-0 Ne7 11. Nb3 b6 12. a3 Ng6 13. h3 Be7 14. Nd2 Rhe8 15. Nf3 c5 16. Nd2 Bc6 17. Nc4 f5 18. f3 Bf6 19. Rxd8+ Kxd8 20. Rd1+ Kc8 21. Nd5 Bxd5 22. Rxd5 fxe4 23. f4 Ne7 24. Rd1 b5 25. Nd2 Nd5 26. Re1 Bh4 27. Re2 Bg3 28. f5 Nxe3 29. Rxe3 Bf4 30. Re2 Rd8 31. c3 Rd5 32. g4 Kd7 33. Kc2 Rxd2+ 34. Rxd2+ Bxd2 35. Kxd2 Kd6 36. b4 cxb4 37. axb4 Ke5 38. Ke3 h5 39. gxh5 Kxf5 40. Ke2 Kf4 41. Kf2 e3+ 42. Ke2 Ke4 43. h4 c6 44. h6 gxh6 45. h5 Kf4 46. Ke1 Kf3 47. Kf1 e2+ 48. Ke1 Ke3 49. c4 bxc4 50. b5 c3 0-1

[Event "St Petersburg June op"]
[Site "St Petersburg"]
[Date "2008.06.29"]
[Round "9"]
[White "Kurilov, Viktor"]
[Black "Donskov, Anatoly"]
[Result "1/2-1/2"]
[WhiteElo "2312"]
[BlackElo "2066"]
[PlyCount "184"]
[EventDate "2008.06.21"]
[EventType "swiss"]
[EventRounds "9"]
[EventCountry "RUS"]
[SourceTitle "CBM 125 Extra"]
[Source "ChessBase"]
[SourceDate "2008.09.01"]
[SourceVersion "1"]
[SourceVersionDate "2008.09.01"]
[SourceQuality "1"]

1. e4 e6 2. d4 d5 3. Nc3 Bb4 4. exd5 exd5 5. Bd3 Nc6 6. Nge2 Nge7 7. Bg5 f6 8. Bf4 Bf5 9. 0-0 0-0 10. Nb5 Ba5 11. c3 a6 12. Na3 Bxd3 13. Qxd3 Ng6 14. Rae1 Qd7 15. Nc2 Rae8 16. Bd2 Nce7 17. Ng3 c6 18. Re2 Nc8 19. Rfe1 Nd6 20. Na1 Bc7 21. Nb3 b6 22. Rxe8 Rxe8 23. Rxe8+ Qxe8 24. Qxa6 Nc4 25. Qb7 Qd7 26. Bc1 Nf8 27. Kf1 Ne6 28. Nd2 Nd6 29. Qa8+ Kf7 30. Qa4 g6 31. Qd1 Qc8 32. Qa4 Qd7 33. Nf3 Ne4 34. Qc2 Nxg3+ 35. hxg3 c5 36. Be3 Qc6 37. Kg1 Ng7 38. Qd2 Nf5 39. Bf4 Nd6 40. Bxd6 Bxd6 41. Qh6 Kg8 42. Qe3 Kf7 43. dxc5 bxc5 44. Qd3 Ke6 45. b3 Qa8 46. a4 Qb7 47. Nd2 Qb6 48. Kf1 Bc7 49. Ke2 Qc6 50. c4 d4 51. Qe4+ Kd7 52. Qxc6+ Kxc6 53. g4 f5 54. gxf5 gxf5 55. Nf3 Kb6 56. Ne1 Bb8 57. Nd3 Bd6 58. Kf3 h5 59. g3 Ka5 60. Kg2 Kb6 61. Kh3 Be7 62. Kg2 Ka5 63. Kf3 Bd6 64. Kg2 Kb6 65. Kh3 Be7 66. f3 Ka5 67. g4 hxg4+ 68. fxg4 fxg4+ 69. Kxg4 Bd6 70. Kf5 Be7 71. Ke6 Bf8 72. Kd5 Kb6 73. Ne5 Ka5 74. Nd3 Kb6 75. Ke6 Ka5 76. Kd7 Kb6 77. Kc8 Bd6 78. Kd7 Bf8 79. Ke8 Bd6 80. Kf7 Ka5 81. Ke6 Bf8 82. Kd5 Kb6 83. Nc1 Ka5 84. Nd3 Kb6 85. Ke4 Ka5 86. Kf5 Bd6 87. Ke6 Bf8 88. Kd5 Kb6 89. Ne5 Ka5 90. Nc6+ Kb6 91. Ne5 Ka5 92. Nd3 Kb6 1/2-1/2

[Event "St Petersburg June op"]
[Site "St Petersburg"]
[Date "2008.06.25"]
[Round "5"]
[White "Kurilov, Viktor"]
[Black "Kovarcz, Wojtech"]
[Result "1-0"]
[WhiteElo "2312"]
[BlackElo "2238"]
[PlyCount "83"]
[EventDate "2008.06.21"]
[EventType "swiss"]
[EventRounds "9"]
[EventCountry "RUS"]
[SourceTitle "CBM 125 Extra"]
[Source "ChessBase"]
[SourceDate "2008.09.01"]
[SourceVersion "1"]
[SourceVersionDate "2008.09.01"]
[SourceQuality "1"]

1. e4 e5 2. Nf3 Nc6 3. Nc3 Nf6 4. d4 Bb4 5. Nxe5 Nxe5 6. dxe5 Nxe4 7. Qg4 d5 8. Qxg7 Rf8 9. a3 Bxc3+ 10. bxc3 Qh4 11. g3 Qg4 12. Qxg4 Bxg4 13. Bg2 Nxc3 14. Bd2 Na4 15. Bh6 Rg8 16. Bxd5 Rg6 17. Be3 0-0-0 18. Bxf7 Rg7 19. e6 Bf3 20. 0-0 Rf8 21. Bd4 Rgxf7 22. exf7 Rxf7 23. Rfe1 c5 24. Be5 Nb6 25. a4 Nc4 26. Bf4 Kd7 27. Rab1 b6 28. Rb3 Bc6 29. Rc3 Na5 30. Rd3+ Kc8 31. Rde3 Bxa4 32. Re7 Rxe7 33. Rxe7 Bxc2 34. Rxa7 Nb7 35. Ra6 b5 36. Rc6+ Kd8 37. Rb6 Be4 38. Rxb5 Kd7 39. Rb6 c4 40. Be5 Nc5 41. Rd6+ Ke8 42. Bd4 1-0

[Event "St Petersburg June op"]
[Site "St Petersburg"]
[Date "2008.06.24"]
[Round "4"]
[White "Bazeev, German"]
[Black "Kurilov, Viktor"]
[Result "1/2-1/2"]
[WhiteElo "2134"]
[BlackElo "2312"]
[PlyCount "93"]
[EventDate "2008.06.21"]
[EventType "swiss"]
[EventRounds "9"]
[EventCountry "RUS"]
[SourceTitle "CBM 125 Extra"]
[Source "ChessBase"]
[SourceDate "2008.09.01"]
[SourceVersion "1"]
[SourceVersionDate "2008.09.01"]
[SourceQuality "1"]

1. e4 e5 2. Nf3 Nf6 3. Nxe5 d6 4. Nf3 Nxe4 5. d4 d5 6. Bd3 Be7 7. 0-0 Bg4 8. c4 Nc6 9. Nc3 Nxc3 10. bxc3 dxc4 11. Bxc4 0-0 12. Re1 Bh5 13. Bf4 Bd6 14. Bxd6 Qxd6 15. Re3 Rae8 16. Rxe8 Rxe8 17. Qb3 Qg6 18. Bd5 Qd6 19. Bxc6 Qxc6 20. Ne5 Qb6 21. g4 Bg6 22. f4 Qxb3 23. axb3 a6 24. Nxg6 hxg6 25. Kf2 Re4 26. Kf3 Re6 27. d5 Re7 28. Ra4 f5 29. gxf5 gxf5 30. c4 Re4 31. Ra5 g6 32. h4 Kg7 33. Rc5 Re7 34. h5 gxh5 35. d6 cxd6 36. Rxf5 Re1 37. Rxh5 Rb1 38. Rd5 Rxb3+ 39. Kg4 Rb6 40. Kg5 Rc6 41. f5 Kf7 42. Rd4 b5 43. cxb5 axb5 44. Rh4 Rc1 45. Rh7+ Kg8 46. Rd7 Rd1 47. Rb7 1/2-1/2

[Event "St Petersburg op"]
[Site "St Petersburg"]
[Date "2007.11.04"]
[Round "9"]
[White "Yankovsky, Roman"]
[Black "Kurilov, Viktor"]
[Result "1/2-1/2"]
[WhiteElo "2202"]
[BlackElo "2307"]
[PlyCount "91"]
[EventDate "2007.10.27"]
[EventType "swiss"]
[EventRounds "9"]
[EventCountry "RUS"]
[SourceTitle "CBM 121 Extra"]
[Source "ChessBase"]
[SourceDate "2008.01.10"]
[SourceVersion "1"]
[SourceVersionDate "2008.01.10"]
[SourceQuality "1"]

1. e4 e5 2. Nf3 Nf6 3. d4 Nxe4 4. Bd3 d5 5. Nxe5 Be7 6. 0-0 Nc6 7. Nxc6 bxc6 8. Re1 0-0 9. Bxe4 dxe4 10. Rxe4 Bf6 11. c3 c5 12. d5 Bf5 13. Re1 c4 14. Qf3 Qd7 15. Bf4 Rab8 16. Nd2 Rxb2 17. Nxc4 Rb5 18. Ne5 Qxd5 19. Qxd5 Rxd5 20. Nc6 Be6 21. Be5 Rc5 22. Bxf6 Rxc6 23. Bd4 a6 24. a3 Rb8 25. Rab1 Rxb1 26. Rxb1 f6 27. f3 Bc4 28. Kf2 Bb5 29. Re1 Kf7 30. Ke3 Re6+ 31. Kd2 Rxe1 32. Kxe1 Ke6 33. Bc5 Kd5 34. Bf8 g6 35. Kd2 Kc4 36. Be7 f5 37. f4 c6 38. g3 a5 39. Bd8 a4 40. Be7 Ba6 41. Bf8 Bc8 42. Be7 Be6 43. Bf8 Bd5 44. Be7 Bg2 45. h4 Bf1 46. Bf8 1/2-1/2

[Event "St Petersburg White Nights op"]
[Site "St Petersburg"]
[Date "2007.07.01"]
[Round "7"]
[White "Orlov, Oleg"]
[Black "Kurilov, Viktor"]
[Result "1-0"]
[WhiteElo "2220"]
[BlackElo "2324"]
[PlyCount "183"]
[EventDate "2007.06.25"]
[EventType "swiss"]
[EventRounds "9"]
[EventCountry "RUS"]
[SourceTitle "CBM 119 Extra"]
[Source "ChessBase"]
[SourceDate "2007.09.04"]
[SourceVersion "1"]
[SourceVersionDate "2007.09.04"]
[SourceQuality "1"]

1. Nf3 d5 2. c4 c6 3. g3 Nf6 4. Bg2 dxc4 5. 0-0 Nbd7 6. Na3 Nb6 7. Qc2 Qd5 8. Ne1 Qh5 9. e4 e5 10. Nxc4 Nxc4 11. Qxc4 Be6 12. Qc3 Be7 13. f4 exf4 14. gxf4 0-0-0 15. f5 Bd7 16. d4 Qe2 17. Bf3 Qb5 18. Nd3 g6 19. a4 Qa6 20. e5 Bxf5 21. exf6 Bxf6 22. Ne5 Bxe5 23. dxe5 Rd3 24. Qb4 Rhd8 25. Bg5 R3d4 26. Qc5 R8d7 27. b4 Qb6 28. Qxb6 axb6 29. b5 c5 30. a5 bxa5 31. Rxa5 Kc7 32. Ra7 Kb6 33. Rfa1 Bg4 34. Bd8+ Kxb5 35. R7a5+ Kc4 36. Rc1+ Kb3 37. Rb5+ Rb4 38. Bxg4 Rxd8 39. Rcxc5 Rdd4 40. Bf3 b6 41. Rxb4+ Kxb4 42. Rc7 Rf4 43. Kf2 Rf5 44. Re7 Kc5 45. Ke3 h5 46. Rc7+ Kb4 47. Ke4 f6 48. Re7 fxe5 49. Rxe5 Rf6 50. h4 b5 51. Be2 Rb6 52. Kd4 Rd6+ 53. Rd5 Rb6 54. Bd3 Ka4 55. Kc5 Rb8 56. Rd4+ b4 57. Rd6 Rc8+ 58. Kd4 Rf8 59. Ke5 b3 60. Bxg6 b2 61. Rf6 Rg8 62. Rf4+ Ka3 63. Rf3+ Kb4 64. Bc2 Rg4 65. Rh3 Kc4 66. Bb1 Kb4 67. Ba2 Ka4 68. Bb3+ Kb4 69. Bc2 Kc4 70. Kf5 Kb4 71. Kf6 Kc4 72. Bb1 Kb4 73. Bc2 Kc4 74. Rh1 Kc3 75. Bf5 Rg3 76. Bg6 Kd2 77. Rb1 Rg4 78. Rxb2+ Ke3 79. Rh2 Kf4 80. Bxh5 Rg1 81. Rh3 Ra1 82. Rf3+ Ke4 83. Bg4 Ra6+ 84. Kg5 Ra5+ 85. Rf5 Ra7 86. Rf6 Ra5+ 87. Bf5+ Ke5 88. h5 Ra1 89. Re6+ Kd5 90. Re2 Rg1+ 91. Bg4 Kd6 92. h6 1-0

[Event "St Petersburg White Nights op"]
[Site "St Petersburg"]
[Date "2007.06.29"]
[Round "5"]
[White "Vunder, Andrei"]
[Black "Kurilov, Viktor"]
[Result "1/2-1/2"]
[WhiteElo "2259"]
[BlackElo "2324"]
[PlyCount "21"]
[EventDate "2007.06.25"]
[EventType "swiss"]
[EventRounds "9"]
[EventCountry "RUS"]
[SourceTitle "CBM 119 Extra"]
[Source "ChessBase"]
[SourceDate "2007.09.04"]
[SourceVersion "1"]
[SourceVersionDate "2007.09.04"]
[SourceQuality "1"]

1. Nf3 Nf6 2. e3 d5 3. c4 c6 4. d4 Bg4 5. Nc3 e6 6. h3 Bxf3 7. Qxf3 Nbd7 8. Bd2 Bd6 9. Bd3 0-0 10. 0-0 Qe7 11. e4 1/2-1/2

[Event "Spring on Petrograd Side"]
[Site "St Petersburg"]
[Date "2007.04.09"]
[Round "1"]
[White "Egorova, Natalia"]
[Black "Kurilov, Viktor"]
[Result "0-1"]
[WhiteElo "1980"]
[BlackElo "2324"]
[PlyCount "104"]
[EventDate "2007.04.09"]
[EventType "swiss"]
[EventRounds "9"]
[EventCountry "RUS"]
[SourceTitle "EXT 2008"]
[Source "ChessBase"]
[SourceDate "2007.11.25"]
[SourceVersion "1"]
[SourceVersionDate "2007.11.25"]
[SourceQuality "1"]

1. e4 e5 2. Nf3 Nf6 3. d3 Nc6 4. c4 Bc5 5. h3 d6 6. g3 h6 7. Bg2 Be6 8. 0-0 Qd7 9. Kh2 g5 10. Nc3 g4 11. Ng1 gxh3 12. Bxh3 Ng4+ 13. Kg2 0-0-0 14. Nd5 Nxf2 15. Rxf2 Bxf2 16. Bxe6 fxe6 17. Kxf2 exd5 18. cxd5 Nd4 19. Be3 h5 20. Bxd4 exd4 21. Nf3 Rdf8 22. Kg2 Qg7 23. Nh4 Rhg8 24. Qe1 Qg4 25. Nf5 Kd7 26. Qd1 Qxd1 27. Rxd1 Rg5 28. Nxd4 h4 29. Nf5 hxg3 30. Rh1 Rf7 31. Nxg3 c6 32. dxc6+ bxc6 33. Re1 Rfg7 34. Re3 Ke6 35. d4 Ra5 36. a3 Ra4 37. b4 a5 38. bxa5 Rxd4 39. Kf3 Ra7 40. Nf5 Rd2 41. Rc3 c5 42. Ne3 Rf7+ 43. Nf5 Ke5 44. Ke3 Rd4 45. Ng3 Ra7 46. Kf3 Rxa5 47. Nf5 Rda4 48. Ne3 Rxe4 49. Rd3 Rd4 50. Ng4+ Rxg4 51. Kxg4 c4 52. Rc3 Kd4 0-1

[Event "St Petersburg Zak Memorial"]
[Site "St Petersburg"]
[Date "2007.03.28"]
[Round "5"]
[White "Kurilov, Viktor"]
[Black "Chernenko, Ilya"]
[Result "1-0"]
[WhiteElo "2316"]
[BlackElo "1734"]
[PlyCount "49"]
[EventDate "2007.03.24"]
[EventType "swiss"]
[EventRounds "9"]
[EventCountry "RUS"]
[SourceTitle "CBM 117 Extra"]
[Source "ChessBase"]
[SourceDate "2007.05.09"]
[SourceVersion "1"]
[SourceVersionDate "2007.05.09"]
[SourceQuality "1"]

1. e4 e6 2. d4 d5 3. exd5 exd5 4. Nc3 Bf5 5. Bd3 Bxd3 6. Qxd3 c6 7. Bf4 Bd6 8. Nge2 Ne7 9. 0-0-0 Qc7 10. Qg3 Bxf4+ 11. Nxf4 Na6 12. Rhe1 0-0 13. Re5 Qd7 14. Rde1 Rae8 15. Qh3 Qd6 16. Nfxd5 cxd5 17. Nxd5 Nxd5 18. Rxe8 Nf6 19. Rxf8+ Qxf8 20. Qb3 Qb8 21. Re7 Qf8 22. Qxb7 Nb4 23. Rc7 Ne8 24. Rc8 f6 25. a3 1-0

[Event "St Petersburg-ch sf"]
[Site "St Petersburg"]
[Date "2007.02.18"]
[Round "9"]
[White "Pankov, German"]
[Black "Kurilov, Viktor"]
[Result "1/2-1/2"]
[WhiteElo "2321"]
[BlackElo "2316"]
[PlyCount "81"]
[EventDate "2007.02.10"]
[EventType "swiss"]
[EventRounds "9"]
[EventCountry "RUS"]
[SourceTitle "EXT 2008"]
[Source "ChessBase"]
[SourceDate "2007.11.25"]
[SourceVersion "1"]
[SourceVersionDate "2007.11.25"]
[SourceQuality "1"]

1. d4 Nf6 2. Bg5 e6 3. e4 h6 4. Bxf6 Qxf6 5. Qd2 b6 6. Nc3 Bb7 7. 0-0-0 Bb4 8. f3 Qg5 9. Nge2 Qxd2+ 10. Rxd2 0-0 11. h4 Be7 12. Kb1 d6 13. Nf4 a6 14. g4 Nd7 15. Rg2 g6 16. Bd3 c5 17. d5 e5 18. Nfe2 b5 19. Nc1 c4 20. Bf1 Nc5 21. b4 cxb3 22. cxb3 b4 23. Nd1 a5 24. Nb2 a4 25. Nbd3 axb3 26. axb3 Nxd3 27. Bxd3 Bd8 28. Bc4 Bb6 29. Rhh2 Ra3 30. Ra2 Rfa8 31. Rxa3 Rxa3 32. Nd3 Bd4 33. Nxb4 Ra1+ 34. Kc2 Kg7 35. h5 Bc8 36. Kd3 Rd1+ 37. Ke2 Rc1 38. Kd2 Rb1 39. Nc2 Bb6 40. Kc3 Rg1 41. Be2 1/2-1/2

[Event "St Petersburg-ch sf"]
[Site "St Petersburg"]
[Date "2007.02.17"]
[Round "8"]
[White "Kurilov, Viktor"]
[Black "Karalkin, Maksim"]
[Result "0-1"]
[WhiteElo "2316"]
[BlackElo "2287"]
[PlyCount "96"]
[EventDate "2007.02.10"]
[EventType "swiss"]
[EventRounds "9"]
[EventCountry "RUS"]
[SourceTitle "EXT 2008"]
[Source "ChessBase"]
[SourceDate "2007.11.25"]
[SourceVersion "1"]
[SourceVersionDate "2007.11.25"]
[SourceQuality "1"]

1. e4 e5 2. Nf3 Nc6 3. Nc3 Nf6 4. Bb5 Bb4 5. 0-0 Bxc3 6. bxc3 d6 7. Re1 0-0 8. h3 Qe7 9. d4 Nd8 10. Bd3 Nd7 11. a4 Ne6 12. g3 f6 13. Be3 Kh8 14. Nh4 g6 15. Kh2 a5 16. Ng2 b6 17. f4 Bb7 18. Rf1 exd4 19. cxd4 Ng7 20. d5 f5 21. exf5 gxf5 22. c4 Nf6 23. Bd4 Bc8 24. Re1 Qf7 25. Qe2 Bd7 26. Qb2 Kg8 27. Nh4 Nfh5 28. Qc2 Rae8 29. Rf1 Qe7 30. Nf3 Qd8 31. Rf2 Re7 32. Ng5 Qe8 33. Qc3 h6 34. Nf3 Bxa4 35. Rg1 Bd7 36. Nh4 a4 37. Qc2 Re1 38. Rgg2 Qf7 39. g4 fxg4 40. hxg4 Nf6 41. Bg6 Qe7 42. g5 hxg5 43. fxg5 Ne4 44. Rxf8+ Qxf8 45. Bf6 Nxf6 46. gxf6 Qxf6 47. Bh7+ Kh8 48. Ng6+ Kxh7 0-1